Welcome to CU Library Online Public Access Catalogue (OPAC)

Essentials of Negotiation/ (Record no. 917)

MARC details
000 -LEADER
fixed length control field 00601nam a22002057a 4500
005 - DATE AND TIME OF LATEST TRANSACTION
control field 20241108164155.0
008 - FIXED-LENGTH DATA ELEMENTS--GENERAL INFORMATION
fixed length control field 241108b |||||||| |||| 00| 0 eng d
020 ## - INTERNATIONAL STANDARD BOOK NUMBER
International Standard Book Number 9780071267731
050 ## - LIBRARY OF CONGRESS CALL NUMBER
Classification number HD58.6
Item number .L487 LEW
100 ## - MAIN ENTRY--PERSONAL NAME
Personal name Lewicki Roy J.
245 ## - TITLE STATEMENT
Title Essentials of Negotiation/
Statement of responsibility, etc. Roy J. Lewicki, David M. Saunders & Bruce Barry
250 ## - EDITION STATEMENT
Edition statement 5th Ed.
260 ## - PUBLICATION, DISTRIBUTION, ETC.
Place of publication, distribution, etc. Boston;
Name of publisher, distributor, etc. McGraw-Hill;
Date of publication, distribution, etc. 2010;
300 ## - PHYSICAL DESCRIPTION
Extent xiv. 290p.;
Other physical details ill.;
Dimensions 23.5 cm x 18.5 cm
500 ## - GENERAL NOTE
General note Includes Index
650 ## - SUBJECT ADDED ENTRY--TOPICAL TERM
Source of heading or term Negotiation
700 ## - ADDED ENTRY--PERSONAL NAME
Personal name Saunders David M.
700 ## - ADDED ENTRY--PERSONAL NAME
Personal name Barry Bruce
942 ## - ADDED ENTRY ELEMENTS (KOHA)
Source of classification or shelving scheme Library of Congress Classification
Koha item type Books
Edition 5th Ed.
Suppress in OPAC No
999 ## -
-- 917
-- 917
Holdings
Withdrawn status Lost status Source of classification or shelving scheme Damaged status Not for loan Collection Home library Current library Shelving location Date acquired Total checkouts Full call number Barcode Date last seen Copy number Price effective from Koha item type
    Library of Congress Classification     Non-fiction Business Library (Miotso) Business Library (Miotso) General stacks 11/08/2024   HD58.6 .L487 LEW BSSM00000228 11/08/2024 1 11/08/2024 Books
    Library of Congress Classification     Non-fiction Business Library (Miotso) Business Library (Miotso) General stacks 02/21/2025   HD58.6 .L487 LEW BSSM00000905 02/21/2025 2 02/21/2025 Books
    Library of Congress Classification     Non-fiction Business Library (Miotso) Business Library (Miotso) General stacks 02/21/2025   HD58.6 .L487 LEW BSSM00000906 02/21/2025 3 02/21/2025 Books
    Library of Congress Classification     Non-fiction Business Library (Miotso) Business Library (Miotso) General stacks 02/21/2025   HD58.6 .L487 LEW BSSM00000907 02/21/2025 4 02/21/2025 Books
    Library of Congress Classification     Non-fiction Business Library (Miotso) Business Library (Miotso) General stacks 02/21/2025   HD58.6 .L487 LEW BSSM00000908 02/21/2025 5 02/21/2025 Books
    Library of Congress Classification     Non-fiction Graduate Library (Christ Temple) Graduate Library (Christ Temple) General stacks 05/26/2025   HD 58.6 L 487 LEW GSCT00001312 05/26/2025 1 05/26/2025 Books
    Library of Congress Classification     Non-fiction Graduate Library (Christ Temple) Graduate Library (Christ Temple) General stacks 05/26/2025   HD 58.6 L 487 LEW GSCT00001313 05/26/2025 2 05/26/2025 Books
    Library of Congress Classification     Non-fiction Undergraduate Library (Christ Temple) Undergraduate Library (Christ Temple) General stacks 03/10/2025   HD58.6.L487 LEW ulct00001596 03/10/2025 1 03/10/2025 Books
    Library of Congress Classification     Non-fiction Undergraduate Library (Christ Temple) Undergraduate Library (Christ Temple) General stacks 03/10/2025   HD58.6.L487 LEW ulct00001597 03/10/2025 2 03/10/2025 Books
    Library of Congress Classification     Non-fiction Undergraduate Library (Christ Temple) Undergraduate Library (Christ Temple) General stacks 03/10/2025   HD58.6.L487 LEW ulct00001598 03/10/2025 3 03/10/2025 Books
    Library of Congress Classification     Non-fiction Undergraduate Library (Christ Temple) Undergraduate Library (Christ Temple) General stacks 03/10/2025   HD58.6.L487 LEW ulct00001599 03/10/2025 4 03/10/2025 Books
© 2023-2024 Copyright: Central University Libraries. All Rights Reserved | Created by: Mahone Tech Office